Statistics for Game of Thrones Multiple Choice Quiz

Click here to take the quiz!

General Stats

  • This quiz has been taken 107 times
  • The average score is 12 of 15

Answer Stats

Question Answer % Correct
Who are Jon Snow's birth parents?Lyanna Stark and Rhaegar Targaryen
97%
Which of these people does Arya Stark kill?Walder Frey
96%
What is the name of Theon Greyjoy's sister?Yara
95%
Who is responsible for The Hound's burned face?Gregor Clegane
92%
What castle is ruled by House Arryn?The Eyrie
89%
Which house has the symbol of a flayed man on their banner?Bolton
87%
Who is the Maester at Castle Black?Aemon
86%
Which of these did not serve as Hand to a king?Loras Tyrell
85%
Whose nickname is "the Onion Knight?"Davos Seaworth
84%
Which of Daenerys Targaryen's dragons is slain by the Night King?Viserion
78%
Who poisoned Jon Arryn?Lysa Arryn
76%
Why was Jorah Mormont forced to leave Westeros?He sold poachers into slavery
70%
Who does Tyrion Lannister exile to The Wall?Janos Slynt
69%
Alexander Siddig, best known for portraying Dr. Julian Bashir on Star Trek: Deep Space Nine, portrayed which character in Game of ThronesDoran Martell
47%
Which actor has NOT portrayed Gregor Clegane?Pilou Asbæk
42%

Score Distribution

Percentile by Number Answered

Percent of People with Each Score

Your Score History

You have not taken this quiz